| 000 | 00579cab a2200217 4500 | ||
|---|---|---|---|
| 001 | X869 | ||
| 008 | 090401t1993 xxu||||| |||| 00| 0 eng d | ||
| 035 | _a(Sirsi) u67914 | ||
| 041 | _aeng | ||
| 245 | _aRICS Seminar seeks consensus and pragmatism as critical to solving housing problems | ||
| 260 | _c1993 | ||
| 350 | _a0 | ||
| 490 |
_aRICS Press Release _v(PR146/93) 8 July 1993, (3) |
||
| 650 |
_aAffordable housing _96215 |
||
| 650 | _aHOUSING POLICY | ||
| 650 | _aPRIVATE-RENTED SECTOR | ||
| 650 | _aRICS | ||
| 690 | _aHOUSING | ||
| 942 | _n0 | ||
| 948 | _c04/03/1997 | ||
| 999 |
_c42558 _d42558 |
||